Pierre Bourne - The Life of Pierre 5 (Tracklist) - Statistics

General Stats
  • This quiz has been taken 51 times
  • The average score is 10 of 16
Answer Stats
Hint Answer % Correct
2 Switching Lanes
88%
12 Drunk And Nasty
76%
3 HULU
76%
1 Intro
76%
11 Retroville
73%
5 42
66%
16 4U
66%
4 Couch
66%
8 Sossboy 2
66%
13 Amen
63%
14 Groceries
63%
9 Practice
61%
6 Biology 101
56%
10 40 Clip
54%
15 Butterfly
54%
7 YNS
46%
No matching quizzes found
Score Distribution
Percent of People with Each Score
Percentile by Number Answered
Your Score History
You have not taken this quiz